000 00959cam a2200265 i 4500
003 BD-DhUIB
005 20210605151726.0
008 170915s2018 nyua b 001 0 eng
020 _a97807535552193
040 _aDLC
_beng
_cDLC
_erda
_dBD-DhUIB
082 0 0 _a658.409
_223
100 1 _aBotelho, Elena L.,
_eauthor.
_9625
245 1 4 _aThe CEO next door :
_bthe 4 behaviors that transform ordinary people into world-class leaders /
_cby Elena L. Botelho and Kim R. Powell with Tahl Raz.
264 1 _aNew York :
_bCurrency,
_c[2018]
300 _axi, 272 pages :
_billustrstions ;
_c23 cm.
504 _aIncludes bibliographical references and index.
526 _aDBA.
650 0 _aChief executive officers
_vCase studies.
_9626
650 0 _aExecutive ability.
_9627
650 0 _aCareer development.
_9628
650 0 _aSuccess in business.
_9629
700 1 _aPowell, Kimberly R.,
_eauthor.
_9630
700 1 _aRaz, Tahl,
_eauthor.
_9631
942 _2ddc
_cBK
999 _c295
_d295